|
|
|
|
| LEADER |
00000cam a2200000 7i4500 |
| 001 |
0000069365 |
| 005 |
20170118.0 |
| 008 |
170118 |
| 020 |
|
|
|a 9788184957211
|
| 090 |
0 |
0 |
|a 158
|b HIN
|
| 100 |
0 |
|
|a Hinds, Josh
|
| 245 |
1 |
0 |
|a It's your life live big
|c Josh Hinds
|
| 260 |
|
|
|a Mumbai :
|b Jaico publishing house ,
|c 2015
|
| 300 |
|
|
|a 165 p. ;
|c 21.4 cm.
|
| 650 |
|
0 |
|a Success
|x psychological aspects
|
| 999 |
|
|
|a 0001425400
|b Book
|c Adult Collection
|e Cawangan Tangkak
|
| 999 |
|
|
|a 0001425401
|b Book
|c Adult Collection
|e Cawangan Bukit Gambir
|
| 999 |
|
|
|a 0001425402
|b Book
|c Adult Collection
|e Cawangan Batu Pahat
|
| 999 |
|
|
|a 0001425403
|b Book
|c Adult Collection
|e Cawangan Pontian
|
| 999 |
|
|
|a 0001425404
|b Book
|c Adult Collection
|e Cawangan Tmn. Ungku Tun Aminah
|
| 999 |
|
|
|a 0001425405
|b Book
|c Adult Collection
|e Cawangan Mersing
|
| 999 |
|
|
|a 0001425406
|b Book
|c Adult Collection
|e Cawangan Bandar Tenggara
|
| 999 |
|
|
|a 0001425407
|b Book
|c Adult Collection
|e Cawangan Taman Sri Lambak
|
| 999 |
|
|
|a 0001425408
|b Book
|c Adult Collection
|e Cawangan Sri Merlong
|
| 999 |
|
|
|a 0001425409
|b Book
|c Adult Collection
|e Cawangan Segamat
|
| 999 |
|
|
|a 0001425410
|b Book
|c Adult Collection
|e Cawangan Kota Tinggi
|
| 999 |
|
|
|a 0001425411
|b Book
|c Adult Collection
|e Cawangan Bandar Penawar
|
| 999 |
|
|
|a 0001425412
|b Book
|c Adult Collection
|e Cawangan Muar
|
| 999 |
|
|
|a 0001428447
|b Book
|c Adult Collection
|e Perbadanan Perpustakaan Awam Johor
|
| 999 |
|
|
|a 0001428448
|b Book
|c Adult Collection
|e Cawangan Urban Transformation Centre
|
| 999 |
|
|
|a 0001428449
|b Book
|c Adult Collection
|e Cawangan AEON Kulaijaya
|